| 000 | 02113cam a2200313 i 4500 | ||
|---|---|---|---|
| 001 | 16418 | ||
| 003 | DO-SdUEMH | ||
| 005 | 20260216185313.0 | ||
| 007 | ta | ||
| 008 | 211105s2015 dr a|||gri||| 001 0 spa|d | ||
| 020 | _a9789945457506 | ||
| 040 |
_aDO-SdUEMH _bspa _erda |
||
| 041 | _aspa | ||
| 082 | 1 | 4 |
_mRD _aRD526.9 _bG112s |
| 084 | _b18-00014 | ||
| 100 |
_aGABB, WILLIAM M. _eaut |
||
| 245 | 1 | 0 |
_aSobre la topografía y geología de Santo Domingo : _bextracto de las memorias de la Sociedad Filosófica Americana / _cWilliam M. Gabb ; cuidado de la edición Mario Suárez ; traductor: Ramón Cedeño Melo |
| 260 | _c2015 | ||
| 264 | 0 | 1 |
_aSanto Domingo : _bSociedad Dominicana de Bibliófilos, _c2015 |
| 300 |
_a421 paginas : _bilustraciones ; _c22 cm. |
||
| 336 |
_2rdacontent _atexto _btxt |
||
| 337 |
_2rdamedia _asin mediación _bn |
||
| 338 |
_2rdacarrier _avolumen _bnc |
||
| 490 |
_aColección Clásico Bibliófilos ; _v15 |
||
| 504 | _aBibliografías en página 409 | ||
| 505 | 1 | _aIntroducción -- Perfil biográfico del autor -- Presentación -- Introducción -- Artículo IV. Sobre la topografía y geología de Santo Domingo (Leído ante la Sociedad Filosófica Americana, 18 de octubre de 1872) -- Parte I. Descripción topográfica: Capítulo I. Topografía de la cordillera central ; Capítulo II. Topografía de la región al norte de la cordillera central ; Capítulo III. Topografía de la región al sur de la cordillera central -- Parte II. Formaciones geológicas: Capítulo IV. El grupo sierra ; Capítulo V. Rocas intrusivas ; Capítulo VI. El mioceno ; Capítulo VII. Post-plioceno o formación costera -- Parte III. Geología local: Capítulo VIII. Geología de la cordillera central ; Capítulo IX. Geología de los valles y estribaciones norte de la cordillera central ; Capítulo X. Geología de la sierra de Monte Cristi ; Capítulo XI. Geología de Samaná ; Capítulo XII. Geología de la región al sur de la cordillera central -- Parte IV. Paleontología: Capítulo XIII. Catálogo descriptivo de los moluscos fósiles -- Referencias. | |
| 942 |
_2ddc _cBK _n0 |
||
| 999 |
_c16418 _d16418 |
||